| 000 | 01036pam a2200289 a 4500 | ||
|---|---|---|---|
| 999 |
_c232802 _d232802 |
||
| 001 | 2503141 | ||
| 003 | Nust | ||
| 005 | 20180117090024.0 | ||
| 008 | 920206s1992 enka b 001 0 eng | ||
| 010 | _a 92007641 | ||
| 020 | _a0582023866 (pbk.) | ||
| 040 |
_aDLC _cDLC _dDLC |
||
| 050 | 0 | 0 |
_aHB171.5 _b.G786 1992 |
| 082 | 0 | 0 |
_a338.5 _220 |
| 100 | 1 | _aGravelle, Hugh. | |
| 245 | 1 | 0 |
_aMicroeconomics / _cHugh Gravelle and Ray Rees. |
| 250 | _a3rd ed. | ||
| 260 |
_aIndia _bPearson _c2004 |
||
| 300 |
_axii, 748 p. : _bill. ; _c25 cm. |
||
| 504 | _aIncludes bibliographical references and index. | ||
| 650 | 0 | _aMicroeconomics. | |
| 700 | 1 |
_aRees, Ray, _d1943- |
|
| 906 |
_a7 _bcbc _corignew _d1 _eocip _f19 _gy-gencatlg |
||
| 942 |
_2ddc _cBK |
||